Open Data Biblioteca Nacional de Portugal


República Portuguesa: Ministério da Cultura
Biblioteca Nacional de Portugal

Catálogo da BNP: acesso por Identificadores Unívocos
Registos Bibliográficos associados ao registo de autoridade

Etiqueta de registo: 00254nam 2200025 450
001 2288950
003 http://id.bnportugal.gov.pt/bib/catbnp/2288950
010 ## $a978-84-1064-703-9
021 ## $aPT$b562843/26
100 ## $a20260626d2026 m y0pory01030103ba
101 1# $apor$cspa
102 ## $aPT
105 ## $ay z 000yy
106 ## $ar
200 1# $a O triãngulo de gelo$fMarcos Nieto Pallarés$gtrad. Fátima Tomás da Silva
205 ## $a1ª ed
210 #9 $aMadrid$cHarperCollins,$d2026
215 ## $a334 p.$d23 cm
304 ## $aTít. orig.: El triángulo de hielo
700 #1 $aNieto Pallarés,$bMarcos$32001830
702 #1 $aSilva,$bFátima Tomás$4730$31997860
801 #0 $aPT$bBN$gRPC
966 ## $lBN$mFGMON$x1
966 ## $lBN$mFGMON$x1
971 ## $cisantos$d20260626

OpendataBNP@bnportugal.pt | Mais informação sobre acesso aos dados BNP